Southville International School and Colleges
Your cart is empty.
  • Cart
  • Lists
    Public lists Eva Luna New books Lux_list list_1
    Your lists Log in to create your own lists
  • Log in to your account
  • Your cookies
  • Search history
Southville International School and Colleges
  • Advanced search
  • Recent comments
  • Most popular
  • Libraries

Log in to your account

Log in with GOOGLE


If you do not have an external account, but do have a local account, you can still log in:

  1. Home
  2. MARC view: The invention of Hugo cabret :
Normal view MARC view ISBD view

The invention of Hugo cabret : (Record no. 10709)

[ view plain ]
MARC details
000 -LEADER
fixed length control field 01430cam a2200397 a 4500
001 - CONTROL NUMBER
control field 14280050
003 - CONTROL NUMBER IDENTIFIER
control field PILC
005 - DATE AND TIME OF LATEST TRANSACTION
control field 20160113113850.0
008 - FIXED-LENGTH DATA ELEMENTS--GENERAL INFORMATION
fixed length control field 060228s2007 nyua c 000 1 eng
010 ## - LIBRARY OF CONGRESS CONTROL NUMBER
LC control number 2006007119
020 ## - INTERNATIONAL STANDARD BOOK NUMBER
International Standard Book Number 9780439813785
020 ## - INTERNATIONAL STANDARD BOOK NUMBER
International Standard Book Number 0439813786 (hardcover)
040 ## - CATALOGING SOURCE
Original cataloging agency DLC
Transcribing agency DLC
Modifying agency DLC
042 ## - AUTHENTICATION CODE
Authentication code lcac
050 00 - LIBRARY OF CONGRESS CALL NUMBER
Classification number PZ 7.S4654
Item number .Se469 2007
051 ## - LIBRARY OF CONGRESS COPY, ISSUE, OFFPRINT STATEMENT
Classification number PZ7.S4654
Item number Inv 2007 Copy 4
Copy information In dust jacket.
082 00 - DEWEY DECIMAL CLASSIFICATION NUMBER
Classification number FIC
Item number Se1 2007
100 1# - MAIN ENTRY--PERSONAL NAME
Personal name Selznick, Brian.
9 (RLIN) 17378
245 14 - TITLE STATEMENT
Title The invention of Hugo cabret :
Remainder of title a novel in words and pictures
Statement of responsibility, etc by Brian Selznick.
250 ## - EDITION STATEMENT
Edition statement 1st ed.
260 ## - PUBLICATION, DISTRIBUTION, ETC. (IMPRINT)
Place of publication, distribution, etc New York :
Name of publisher, distributor, etc Scholastic Press,
Date of publication, distribution, etc c2007.
300 ## - PHYSICAL DESCRIPTION
Extent 533 p. :
Other physical details ill. ;
Dimensions 22 cm.
562 ## - COPY AND VERSION IDENTIFICATION NOTE
Number of copies For Circulation.2 copy in the collection
600 10 - SUBJECT ADDED ENTRY--PERSONAL NAME
Personal name Méliès, Georges,
Dates associated with a name 1861-1938
Form subdivision Juvenile fiction.
9 (RLIN) 17379
600 11 - SUBJECT ADDED ENTRY--PERSONAL NAME
Personal name Méliès, Georges,
Dates associated with a name 1861-1938
Form subdivision Fiction.
9 (RLIN) 17380
650 #1 - SUBJECT ADDED ENTRY--TOPICAL TERM
Topical term or geographic name as entry element Robots
Form subdivision Fiction.
9 (RLIN) 17381
650 #1 - SUBJECT ADDED ENTRY--TOPICAL TERM
Topical term or geographic name as entry element Orphans
Form subdivision Fiction.
9 (RLIN) 17382
650 #1 - SUBJECT ADDED ENTRY--TOPICAL TERM
Topical term or geographic name as entry element Railroad stations
Form subdivision Fiction.
9 (RLIN) 17383
651 #1 - SUBJECT ADDED ENTRY--GEOGRAPHIC NAME
Geographic name Paris (France)
General subdivision History
Chronological subdivision 1870-1940
Form subdivision Fiction.
9 (RLIN) 17384
651 #1 - SUBJECT ADDED ENTRY--GEOGRAPHIC NAME
Geographic name France
General subdivision History
Chronological subdivision Third Republic, 1870-1940
Form subdivision Fiction.
9 (RLIN) 17385
906 ## - LOCAL DATA ELEMENT F, LDF (RLIN)
a 7
b cbc
c orignew
d 1
e ecip
f 20
g y-gencatlg
942 ## - ADDED ENTRY ELEMENTS (KOHA)
Source of classification or shelving scheme Library of Congress Classification
Koha item type Books
Holdings
Withdrawn status Lost status Source of classification or shelving scheme Damaged status Home library Current library Shelving location Date acquired Total Checkouts Full call number Barcode Date last seen Date checked out Copy number Price effective from Koha item type Total Renewals
    Library of Congress Classification   Luxembourg Library Luxembourg Library Fiction Section 09/09/2013 1 PZ 7.S4654 .Se469 2007 16667 08/05/2016 07/11/2014 1 09/09/2013 Books  
    Library of Congress Classification   Luxembourg Library Luxembourg Library Fiction Section 09/09/2013 2 PZ 7.S4654 .Se469 2007 18655 09/20/2025 09/17/2025 2 09/09/2013 Books 4

The invention of Hugo cabret :

APA

Selznick B., . (2007). The invention of Hugo cabret. New York: Scholastic Press.

Chicago

Selznick Brian, . 2007. The invention of Hugo cabret. New York: Scholastic Press.

Harvard

Selznick B., . (2007). The invention of Hugo cabret. New York: Scholastic Press.

MLA

Selznick Brian, . The invention of Hugo cabret. New York: Scholastic Press. 2007.

  • Place hold
  • Print
  • Cite
  • Add to your cart (remove)
  • Save record
    BIBTEX Dublin Core MARCXML MARC (non-Unicode/MARC-8) MARC (Unicode/UTF-8) MARC (Unicode/UTF-8, Standard) MODS (XML) RIS
  • More searches
    Search for this title in:
    Other Libraries (WorldCat) Other Databases (Google Scholar) Online Stores (Bookfinder.com) Open Library (openlibrary.org)

Exporting to Dublin Core...

SOUTHVILLE LIBRARY

Southville International School and Colleges Library

1281 Tropical Ave. Cor. Luxembourg St., BF Homes International, Las Pinas City

Tel. No. 8256374 / 252358 Loc. 117/146

Powered by Koha